[Event "Sitges Sunway op 9th"]
[Site "Sitges"]
[Date "2022.12.14"]
[Round "3"]
[White "Borocz, Istvan"]
[Black "Halegua, Dani"]
[Result "1-0"]
[WhiteElo "2334"]
[BlackElo "2095"]
[PlyCount "85"]
[EventDate "2022.12.12"]
[EventType "swiss"]
[EventRounds "10"]
[EventCountry "ESP"]
[SourceTitle "CBM 211 Extra"]
[Source "ChessBase"]
[SourceDate "2023.01.31"]
[SourceVersion "1"]
[SourceVersionDate "2023.01.31"]
[SourceQuality "1"]

1. e4 e6 2. d4 d5 3. e5 c5 4. c3 Qb6 5. Nf3 Bd7 6. Nbd2 Nc6 7. Bd3 cxd4 8. 0-0 Nge7 9. Nb3 dxc3 10. bxc3 Ng6 11. Re1 Qc7 12. Qe2 Be7 13. Nbd4 a6 14. Bd2 Na5 15. Rab1 Rb8 16. g3 Nc4 17. Bc1 Qc8 18. h4 f6 19. exf6 Bxf6 20. h5 Nge5 21. Nxe5 Nxe5 22. Bf4 Nxd3 23. Qxd3 Ra8 24. Nxe6 Bxe6 25. Qxd5 0-0 26. Rxe6 Kh8 27. Rxb7 Qxc3 28. h6 Rad8 29. hxg7+ Bxg7 30. Qg5 Rde8 31. Ree7 Rxe7 32. Rxe7 Bf6 33. Qf5 Bg7 34. Qe4 Qa1+ 35. Kg2 Qxa2 36. Be5 Qxf2+ 37. Kh3 Qf1+ 38. Kg4 h5+ 39. Kg5 Bf6+ 40. Kh6 Qc1+ 41. Bf4 Bg5+ 42. Kxg5 Rg8+ 43. Kh6 1-0

[Event "Condom op 19th"]
[Site "Condom"]
[Date "2022.07.13"]
[Round "6"]
[White "Antao, Amory"]
[Black "Halegua, Dani"]
[Result "0-1"]
[WhiteElo "2039"]
[BlackElo "2078"]
[PlyCount "50"]
[EventDate "2022.07.09"]
[EventType "swiss"]
[EventRounds "9"]
[EventCountry "FRA"]
[SourceTitle "CBM 209 Extra"]
[Source "ChessBase"]
[SourceDate "2022.09.30"]
[SourceVersion "1"]
[SourceVersionDate "2022.09.30"]
[SourceQuality "1"]

1. e4 e6 2. Qe2 b6 3. g3 Bb7 4. Bg2 Nf6 5. d3 d5 6. c3 dxe4 7. dxe4 Nbd7 8. Bg5 Nc5 9. Bxf6 gxf6 10. Nd2 Qd3 11. Rd1 0-0-0 12. b4 Qxe2+ 13. Kxe2 Ba6+ 14. b5 Bxb5+ 15. c4 Ba4 16. Rc1 Nd3 17. Rf1 Bb4 18. Nb3 Bxb3 19. axb3 Nc5 20. Nf3 Nxe4 21. Rc1 Rd7 22. Ke3 f5 23. Ne5 Bd2+ 24. Ke2 Bxc1 25. Nxd7 Bb2 0-1

[Event "Cappelle Online Blitz op 1st"]
[Site "Europe Echecs INT"]
[Date "2021.01.10"]
[Round "9"]
[White "Halegua, Dani"]
[Black "Song, Julien"]
[Result "0-1"]
[WhiteElo "2013"]
[BlackElo "2306"]
[PlyCount "48"]
[EventDate "2021.01.10"]
[EventType "swiss (blitz)"]
[EventRounds "11"]
[EventCountry "FRA"]
[SourceTitle "CBM 200 Extra"]
[Source "ChessBase"]
[SourceDate "2021.03.31"]
[SourceVersion "1"]
[SourceVersionDate "2021.03.31"]
[SourceQuality "1"]

1. e4 c5 2. Nf3 e6 3. d4 cxd4 4. Bg5 Qa5+ 5. c3 Nc6 6. b4 Qb6 7. b5 Na5 8. cxd4 Bb4+ 9. Nbd2 Nf6 10. Bd3 d5 11. Bxf6 gxf6 12. exd5 exd5 13. 0-0 Be6 14. Rc1 Bd6 15. Re1 Kd7 16. Nb3 Nxb3 17. axb3 Rac8 18. Qd2 h5 19. Nh4 Qxd4 20. Nf5 Qb4 21. Qe3 Bf4 22. Qxa7 Bxc1 23. Rd1 Qxb3 24. Be4 Qxd1# 0-1

[Event "Cappelle Online Blitz op 1st"]
[Site "Europe Echecs INT"]
[Date "2021.01.10"]
[Round "6"]
[White "Jober, Robert"]
[Black "Halegua, Dani"]
[Result "0-1"]
[WhiteElo "1783"]
[BlackElo "2013"]
[PlyCount "78"]
[EventDate "2021.01.10"]
[EventType "swiss (blitz)"]
[EventRounds "11"]
[EventCountry "FRA"]
[SourceTitle "CBM 200 Extra"]
[Source "ChessBase"]
[SourceDate "2021.03.31"]
[SourceVersion "1"]
[SourceVersionDate "2021.03.31"]
[SourceQuality "1"]

1. e4 e6 2. d4 d5 3. Bd3 Nc6 4. e5 Nxd4 5. Be3 Nc6 6. f4 Nb4 7. Bb5+ c6 8. Be2 c5 9. Nf3 Ne7 10. 0-0 Nf5 11. Bf2 Nc6 12. g4 Nfd4 13. Bd3 h5 14. g5 g6 15. Nxd4 Nxd4 16. c3 Nc6 17. Nd2 b6 18. Nf3 Be7 19. Qd2 Bb7 20. Rfe1 d4 21. c4 Nb4 22. Nh4 Nxd3 23. Qxd3 Qc7 24. a4 Qc6 25. Kf1 Qh1+ 26. Ke2 Qxh2 27. Nxg6 fxg6 28. Qxg6+ Kd7 29. f5 Qxe5+ 30. Kd2 Qxf5 31. Qxf5 exf5 32. Bh4 Be4 33. a5 Rhg8 34. Rg1 Kc6 35. Rae1 Rg6 36. b4 cxb4 37. Bf2 Bxg5+ 38. Kd1 Rag8 39. Bxd4 Rd6 0-1

[Event "Cappelle Online Blitz op 1st"]
[Site "Europe Echecs INT"]
[Date "2021.01.10"]
[Round "10"]
[White "Lobo, Antonio"]
[Black "Halegua, Dani"]
[Result "0-1"]
[WhiteElo "1799"]
[BlackElo "2013"]
[PlyCount "146"]
[EventDate "2021.01.10"]
[EventType "swiss (blitz)"]
[EventRounds "11"]
[EventCountry "FRA"]
[SourceTitle "CBM 200 Extra"]
[Source "ChessBase"]
[SourceDate "2021.03.31"]
[SourceVersion "1"]
[SourceVersionDate "2021.03.31"]
[SourceQuality "1"]

1. Nf3 d5 2. d4 Nf6 3. Bg5 Ne4 4. Bc1 Bf5 5. Nbd2 e6 6. Nxe4 Bxe4 7. e3 c5 8. c3 Nc6 9. Bd3 cxd4 10. exd4 Bg6 11. 0-0 Bd6 12. Re1 0-0 13. Bg5 Qc7 14. Bxg6 hxg6 15. Bh4 b5 16. a3 a5 17. Qd3 b4 18. axb4 axb4 19. Rxa8 Rxa8 20. Bg3 Ra2 21. Bxd6 Qxd6 22. cxb4 Qxb4 23. Qc3 Qxb2 24. Qxb2 Rxb2 25. Rc1 f6 26. h4 Nb4 27. Rc8+ Kh7 28. Re8 Re2 29. Kf1 Re4 30. g3 Nc2 31. Kg2 Re2 32. Kf1 Re4 33. Kg2 Nb4 34. Kh3 Nd3 35. Kg2 Re2 36. g4 Rxf2+ 37. Kg3 Re2 38. g5 Re3 39. gxf6 Ne1 40. fxg7 Kxg7 41. Kg4 Nxf3 42. h5 gxh5+ 43. Kxh5 Nxd4 44. Kg5 Re4 45. Re7+ Kf8 46. Ra7 Nc6 47. Rc7 Ne5 48. Kf6 Ng4+ 49. Kg5 Ke8 50. Ra7 Kd8 51. Kg6 d4 52. Ra6 Kd7 53. Ra7+ Kd6 54. Ra8 Ke5 55. Kg5 Ne3 56. Ra5+ Nd5 57. Ra1 d3 58. Rd1 Kd4 59. Kg6 Nc3 60. Ra1 d2 61. Kf6 d1Q 62. Rxd1+ Nxd1 63. Kg5 Ke3 64. Kf6 e5 65. Kf5 Nc3 66. Kg5 Rf4 67. Kh5 Kf3 68. Kg5 e4 69. Kh5 e3 70. Kg5 e2 71. Kh5 e1Q 72. Kg5 Qg3+ 73. Kh5 Rh4# 0-1

[Event "Paris Universities-ch"]
[Site "Paris"]
[Date "2019.02.02"]
[Round "4"]
[White "Halegua, Dani"]
[Black "Graca, Robert"]
[Result "0-1"]
[WhiteElo "1969"]
[BlackElo "2270"]
[PlyCount "122"]
[EventDate "2019.02.01"]
[EventType "swiss"]
[EventRounds "9"]
[EventCountry "FRA"]
[SourceTitle "CBM 188 Extra"]
[Source "ChessBase"]
[SourceDate "2019.02.26"]
[SourceVersion "1"]
[SourceVersionDate "2019.02.26"]
[SourceQuality "1"]

1. e4 c5 2. Nf3 d6 3. Bb5+ Bd7 4. a4 Nf6 5. d3 g6 6. Nbd2 Bg7 7. Nc4 0-0 8. Bxd7 Qxd7 9. 0-0 Nc6 10. a5 d5 11. exd5 Nxd5 12. Re1 Rad8 13. Bg5 Rfe8 14. Qd2 Qf5 15. Nh4 Qc8 16. Nf3 Qc7 17. c3 Rd7 18. Bh6 Bh8 19. h4 b5 20. axb6 axb6 21. h5 b5 22. Ne3 Red8 23. hxg6 hxg6 24. Red1 Nb6 25. Qe2 Na4 26. Bg5 Na5 27. Bh4 Nc6 28. d4 cxd4 29. Nxd4 Nxd4 30. cxd4 Qb7 31. d5 Bxb2 32. Rab1 Bg7 33. Rxb5 Qa6 34. Rb2 Qxe2 35. Rxe2 Nc3 36. Red2 Nxd1 37. Rxd1 Kf8 38. Kf1 Bh6 39. Ng4 Bf4 40. g3 Bb8 41. Ne3 Ba7 42. Bg5 Bxe3 43. Bxe3 Rxd5 44. Bh6+ Ke8 45. Ra1 Rd1+ 46. Rxd1 Rxd1+ 47. Ke2 Rb1 48. Kf3 Kd7 49. Be3 Rb3 50. Ke4 Ke6 51. Bf4 Rb4+ 52. Ke3 Ra4 53. Kf3 Kf5 54. g4+ Ke6 55. Kg3 Kd5 56. Bg5 f6 57. Bd2 Ke4 58. f3+ Kd3 59. Bh6 Ke2 60. Bf8 e5 61. Bg7 Rf4 0-1

[Event "Sants Hostafrancs op-C 18th"]
[Site "Barcelona"]
[Date "2016.08.22"]
[Round "4"]
[White "Aparicio Escudero, Hector F"]
[Black "Halegua, Dani"]
[Result "0-1"]
[WhiteElo "1734"]
[BlackElo "1578"]
[PlyCount "88"]
[EventDate "2016.08.19"]
[EventType "swiss"]
[EventRounds "10"]
[EventCountry "ESP"]
[SourceTitle "EXT 2019"]
[Source "ChessBase"]
[SourceDate "2018.10.10"]
[SourceVersion "1"]
[SourceVersionDate "2018.10.10"]
[SourceQuality "1"]

1. Nf3 d5 2. d4 Nf6 3. e3 Bf5 4. c4 c6 5. Nc3 e6 6. cxd5 exd5 7. Bd3 Bg6 8. Bxg6 hxg6 9. Qc2 Nbd7 10. h3 Bd6 11. 0-0 0-0 12. Bd2 Re8 13. Rac1 Rc8 14. Qb1 Nb6 15. b3 Ne4 16. Qb2 Qe7 17. Nb1 f5 18. Bc3 g5 19. Qe2 g4 20. hxg4 fxg4 21. Ne5 Bxe5 22. dxe5 g3 23. fxg3 Nxg3 24. Qg4 Nxf1 25. Rxf1 Rf8 26. Rxf8+ Rxf8 27. e6 Nc8 28. Nd2 Nd6 29. e4 Nxe4 30. Nxe4 dxe4 31. Qxe4 Qc5+ 32. Bd4 Qc1+ 33. Kh2 Qf4+ 34. Qxf4 Rxf4 35. Bxa7 Re4 36. Kg3 Rxe6 37. Kf3 Re5 38. Bb6 Kf7 39. g3 g6 40. g4 Ke6 41. Bc7 Rd5 42. Ke3 Rd1 43. a3 Rb1 44. b4 Rb3+ 0-1

[Event "Castelnaudary C"]
[Site "Castelnaudary"]
[Date "2016.03.19"]
[Round "3"]
[White "Bardin, Michel"]
[Black "Halegua, Dani"]
[Result "0-1"]
[WhiteElo "1473"]
[BlackElo "1553"]
[PlyCount "122"]
[EventDate "2016.03.19"]
[EventType "tourn"]
[EventRounds "5"]
[EventCountry "FRA"]
[SourceTitle "EXT 2024"]
[Source "ChessBase"]
[SourceDate "2023.10.10"]
[SourceVersion "1"]
[SourceVersionDate "2023.10.10"]
[SourceQuality "1"]

1. e4 e6 2. d3 d5 3. Nd2 Nf6 4. f4 Bc5 5. e5 Ng8 6. Ngf3 Nh6 7. d4 Be7 8. Bd3 c5 9. c3 Nc6 10. Bb5 Nf5 11. Bxc6+ bxc6 12. Qe2 Qb6 13. Nb3 Ba6 14. Qc2 cxd4 15. Nfxd4 Nh4 16. g3 c5 17. gxh4 Bxh4+ 18. Kd1 cxd4 19. Nxd4 0-0 20. Be3 Qc7 21. Nf3 Be7 22. Rg1 f6 23. Qg2 Rf7 24. Qg4 Qc4 25. exf6 Qe2+ 26. Kc1 Qxe3+ 27. Nd2 Bxf6 28. Rg3 Qe1+ 29. Qd1 Qxd1+ 30. Kxd1 Rb8 31. Nb3 Be5 32. fxe5 Rf1+ 33. Kc2 Rf2+ 34. Nd2 Rxh2 35. Rag1 Rb7 36. Kc1 Re2 37. Nb3 g6 38. Rg5 Bc4 39. R1g2 Rxg2 40. Rxg2 Bxb3 41. axb3 Rxb3 42. Kc2 Rb7 43. Rg4 Kg7 44. Ra4 h5 45. Ra6 Re7 46. Kd3 g5 47. Ke3 Kg6 48. Kf3 Kf5 49. Rd6 Kxe5 50. Rd8 Rf7+ 51. Kg3 g4 52. Rh8 Rf3+ 53. Kg2 Rf5 54. b4 Ke4 55. b5 Kd3 56. Rh7 Kxc3 57. Rxa7 d4 58. b6 Rb5 59. Rc7+ Kd2 60. Rc6 e5 61. Kg3 e4 0-1